My years with General Motors

Uloženo v:
Podrobná bibliografie
Hlavní autor: Sloan, Alfred P.
Médium: Kniha
Jazyk:Undetermined
Vydáno: New York A Macfadden-Bartell Book 1965
Témata:
Tagy: Přidat tag
Žádné tagy, Buďte první, kdo otaguje tento záznam!
Thư viện lưu trữ: Trung tâm Học liệu Trường Đại học Cần Thơ
LEADER 00497nam a2200181Ia 4500
001 CTU_84396
008 210402s9999 xx 000 0 und d
082 |a 338.7 
082 |b S634 
100 |a Sloan, Alfred P. 
245 0 |a My years with General Motors 
245 0 |c Alfred P. Sloan 
260 |a New York 
260 |b A Macfadden-Bartell Book 
260 |c 1965 
650 |a General motor corporation 
904 |i QHieu(sửa) 
980 |a Trung tâm Học liệu Trường Đại học Cần Thơ